architectural movements 1 - Statistics

General Stats
  • This quiz has been taken 59 times
  • The average score is 72 of 81
Answer Stats
Question Tile Select % Correct
Baroque No
98%
Baroque No
98%
Baroque No
98%
Brutalism No
98%
Brutalism No
98%
Brutalism No
98%
Art Deco No
98%
Baroque No
96%
Brutalism No
96%
Brutalism No
96%
Rococo No
96%
Rococo No
96%
Rococo No
96%
Rococo No
96%
Art Deco No
96%
Art Deco No
96%
Art Deco No
96%
Art Deco No
96%
Modernism No
96%
Modernism No
96%
Modernism No
96%
Modernism No
96%
Modernism No
96%
Georgian No
96%
Georgian No
96%
Georgian No
96%
Georgian No
96%
Brutalism No
94%
Brutalism No
94%
Brutalism No
94%
Rococo No
94%
Gothic No
94%
Gothic No
94%
Gothic No
94%
Gothic No
94%
Gothic No
94%
Gothic No
94%
Art Deco No
94%
Modernism No
94%
Modernism No
94%
Georgian No
94%
Georgian No
94%
Baroque No
92%
Rococo No
92%
Gothic No
92%
Gothic No
92%
Art Deco No
92%
Art Nouveau No
92%
Neoclassicism No
92%
Neoclassicism No
92%
Neoclassicism No
92%
Baroque No
90%
Gothic Yes
90%
Modernism No
90%
Art Nouveau No
90%
Art Nouveau No
90%
Neoclassicism No
90%
Neoclassicism No
90%
Neoclassicism No
90%
Georgian No
88%
Baroque No
86%
Rococo No
86%
Modernism Yes
86%
Georgian No
86%
Art Nouveau No
86%
Neoclassicism No
86%
Neoclassicism No
86%
Art Deco No
84%
Art Nouveau No
84%
Art Nouveau No
84%
Brutalism Yes
82%
Art Nouveau No
82%
Art Nouveau No
80%
Georgian Yes
73%
Neoclassicism Yes
73%
Art Deco Yes
69%
Rococo No
67%
Baroque No
53%
Rococo Yes
53%
Art Nouveau Yes
49%
Baroque Yes
35%
No matching quizzes found
Score Distribution
Percent of People with Each Score
Percentile by Number Answered
Your Score History
You have not taken this quiz